000 00249nam a2200097Ia 4500
005 20251222120855.0
008 251222s1900||||xx |||||||||||||| ||spa||
082 _aDVD0070/S82/1994
245 0 _aAsesinos por naturaleza:Natural Born Killers
942 _cDVD
999 _c2382
_d2382